| 000 | 00442nam a2200169Ia 4500 | ||
|---|---|---|---|
| 003 | GCL | ||
| 008 | 140319s9999 xx 000 0 eng d | ||
| 040 |
_aGCL / _cGCL |
||
| 082 | 0 | 4 |
_a745.572 _bK C |
| 100 | 1 | _aKATZ, SYLVIA | |
| 245 | 1 | 0 |
_aCLASSIC PLASTICS : FROM BAKELITE TO HIGH - TECH / _cKATZ, SYLVIA |
| 260 |
_a[S.N] : _bTHAMES AND HUDSON ، _c1984 |
||
| 300 | _a160 P P | ||
| 650 | 0 | 4 | _aARTS |
| 650 | 0 | 4 | _aPLASTIC ART |
| 942 |
_2ddc _cBK |
||
| 999 |
_c12249 _d12249 |
||